El viejo traje de la revolución: identidad colectiva, mito y hegemonía política en Cuba
Uloženo v:
| Hlavní autor: | |
|---|---|
| Médium: | Kniha |
| Jazyk: | španělština |
| Vydáno: |
Valencia
PUV
2007
|
| Témata: | |
| Tagy: |
Přidat tag
Žádné tagy, Buďte první, kdo vytvoří štítek k tomuto záznamu!
|
MARC
| LEADER | 00000nam a2200000 a 4500 | ||
|---|---|---|---|
| 001 | UCI5698 | ||
| 003 | CL-VaPUC | ||
| 008 | 080404e20070000SP |||||||||||||||||spa|d | ||
| 020 | |a 9788437068114 | ||
| 082 | 0 | 4 | |a 972.910072 |b LOP |2 21 |
| 100 | |a López Rivera, Sergio |e autor |9 528269 | ||
| 245 | 1 | 3 | |a El viejo traje de la revolución: identidad colectiva, mito y hegemonía política en Cuba |
| 300 | |a 296 p | ||
| 942 | |c BK | ||
| 945 | |d 20080404 00:00:00 |a jtorresc | ||
| 260 | |a Valencia |b PUV |c 2007 | ||
| 650 | 7 | |a HISTORIA DE CUBA SIGLO 20 |2 CL-VaPUC |9 368842 | |
| 650 | 7 | |a NACIONALISMO |2 CL-VaPUC |9 528270 | |
| 650 | 7 | |a REVOLUCION |2 CL-VaPUC |9 338298 | |
| 650 | 7 | |a GRUPOS POLITICOS |2 CL-VaPUC |9 389312 | |
| 651 | 7 | |a CUBA |2 CL-VaPUC |9 255263 | |
| 583 | |a last modification |c 20160913 09:38:13 |k Rodrigo Vera | ||
| 999 | |c 329419 |d 329417 | ||
| 952 | |0 0 |1 0 |4 0 |6 972_910072000000000_LOP_2007 |7 0 |8 A |9 414027 |a BIBHIS |b BIBHIS |d 2019-11-22 |i 4423925 |o 972.910072 LOP 2007 |p 4423925 |r 2025-01-20 |w 2019-11-22 |y BK |k HIS | ||